[Event "Skopje ol (Men) prel"]
[Site "Skopje"]
[Date "1972.??.??"]
[Round "6"]
[White "Ghizdavu, Dumitru"]
[Black "Badilles, Glicerio"]
[Result "1-0"]
[WhiteElo "2385"]
[BlackElo "2270"]

1.e4 c5 2.Nf3 e6 3.d4 cxd4 4.Nxd4 a6 5.Nc3 Nc6 6.Be3 Qc7 7.Bd3 Nf6 8.Nb3 b5
9.f4 d6 10.O-O Be7 11.Qf3 Bb7 12.a4 b4 13.Ne2 h5 14.a5 Nd7 15.Qh3 Nc5 16.Ng3 h4
17.Nh1 Nb8 18.f5 e5 19.Nxc5 dxc5 20.b3 Nc6 21.Qg4 Kf8 22.f6 gxf6 23.Nf2 Bc8
24.Qf3 Qd7 25.Bc4 Ra7 26.h3 Qc7 27.Bd5 Nd4 28.Bxd4 cxd4 29.Ng4 Bxg4 30.Qxg4 Qc5
31.Kh1 Rc7 32.Bc4 Qd6 33.Qe2 Ra7 34.Rf5 Bd8 35.Raf1 Rh6 36.Rh5 Rxh5 37.Qxh5 Ke8
38.Qxh4 Qf8 39.Rf5 Qg7 40.Qe1 Bxa5 41.Qa1 Bc7 42.Qa4+ Ke7 43.Qxb4+ Bd6 44.Qb6 Rd7
45.Qxa6 Qh8 46.Qa5 Rc7 47.Kh2 Rc5 48.Qe1 Qh6 49.g4 Rc7 50.g5 fxg5 51.Rxf7+ Ke8
52.Rf5 g4 53.h4 Rg7 54.Qg3 Ra7 55.Qf2 Ra1 56.Bb5+ Kd8 57.Rg5 Kc7 58.Kg2 Kb6
59.Be8 Qe6 60.Rg6 Qe7 61.Qe2 Qf8 62.Qb5+ Ka7 63.Qd7+ Ka8 64.Qd8+ Ka7 65.Rf6  1-0

[Event "Skopje ol (Men) fin-B"]
[Site "Skopje"]
[Date "1972.??.??"]
[Round "7"]
[White "Ujtumen, Tudev"]
[Black "Mariotti, Sergio"]
[Result "1-0"]
[WhiteElo "2400"]
[BlackElo "2470"]

1.e4 c5 2.Nf3 a6 3.Nc3 e6 4.d4 cxd4 5.Nxd4 Qc7 6.a3 Nc6 7.Be3 Nf6 8.Nb3 b5
9.f4 b4 10.axb4 Nxb4 11.Bd3 d5 12.e5 Nd7 13.O-O Rb8 14.Na4 Be7 15.Rf3 g6
16.Bf2 O-O 17.h4 Nxd3 18.Rxd3 f6 19.Rc3 Qb7 20.Na5 Qa8 21.Nc6 Rf7 22.Nxb8 Qxb8
23.h5 fxe5 24.hxg6 hxg6 25.Rg3 Nf8 26.Rb3 Qc7 27.Rc3 Qb8 28.fxe5 Bd7 29.Bd4 Bxa4
30.Rxa4 Qb5 31.b3 Rf4 32.Qd3 Qb7 33.Qg3 Rh4 34.Rf3 Qb5 35.Rf2 Rh5 36.Qd3 Rh4
37.Qxb5 axb5 38.Ra7  1-0

[Event "Skopje ol (Men) fin-B"]
[Site "Skopje"]
[Date "1972.??.??"]
[Round "8"]
[White "Yanofsky, Daniel Abraham"]
[Black "Cardoso, Radolfo Tan"]
[Result "0-1"]
[WhiteElo "2460"]
[BlackElo "2200"]

1.e4 c5 2.Nf3 e6 3.d4 cxd4 4.Nxd4 a6 5.Nc3 Qc7 6.Bd3 Nc6 7.Be3 Nf6 8.Qe2 Bb4
9.Nxc6 bxc6 10.O-O d5 11.Bd4 Be7 12.exd5 cxd5 13.Na4 Bb7 14.Rad1 O-O 15.Nc3 Rfd8
16.Qf3 Rac8 17.Be5 Qb6 18.Qh3 h6 19.Kh1 Nd7 20.Bf4 Bf6 21.Bd2 Nc5 22.Rb1 d4
23.Ne2 Nxd3 24.cxd3 Rc2 25.Rfd1 Rxb2 26.Rbc1 Rxa2 27.Qg4 e5 28.Ng3 Qe6 29.Qxe6 fxe6
30.f3 Rxd2 31.Rxd2 Bg5 32.Rb2 Bxc1 33.Rxb7 Bg5 34.Ne4 Ra8 35.Rb4 Be7 36.Ra4 Kf7
37.g3 a5 38.Nd2 Bb4 39.Nc4 Kf6 40.Kg2 g5 41.Kf2 Bc3 42.Nd6 Kg6 43.Nc4 Kf6
44.Nb6 Ra7 45.Rc4 Rb7 46.Rc6 Bb4 47.h3 Be7 48.Ke2 h5 49.Kd2 Bd8 50.Nc4 Ra7
51.Rc8 Be7 52.Kc2 a4 53.Kb2 Rb7+ 54.Kc2 Rb3 55.Ra8 Rc3+ 56.Kd2 Bb4 57.Ke2 Rc2+
58.Kf1 a3  0-1

[Event "Skopje ol (Men) fin-B"]
[Site "Skopje"]
[Date "1972.??.??"]
[Round "9"]
[White "Ujtumen, Tudev"]
[Black "Cuellar Gacharna, Miguel"]
[Result "0-1"]
[WhiteElo "2400"]
[BlackElo "2395"]

1.e4 c5 2.Nf3 e6 3.Nc3 a6 4.d4 cxd4 5.Nxd4 Qc7 6.Be3 Nf6 7.Bd3 b5 8.a3 Bb7
9.O-O Nc6 10.Nb3 Ne5 11.h3 d6 12.f4 Ned7 13.Qe1 Be7 14.Rd1 Rc8 15.g4 g6 16.Qg3 Qb8
17.Rde1 Ba8 18.Qh2 Nb6 19.Bd4 O-O 20.g5 Nh5 21.h4 Nc4 22.Ne2 e5 23.fxe5 dxe5
24.Bxc4 bxc4 25.Bxe5 Qb6+ 26.Bd4 Qe6 27.Nd2 Qg4+ 28.Qg2 Qxh4 29.Nf3 Qxe4
30.Ng3 Qxd4+ 31.Nxd4 Bxg2 32.Nxh5 Bxf1 33.Rxe7 gxh5 34.Kxf1 Rc5 35.Ra7 Rd8
36.c3 Rb8 37.Rxa6 Rxb2 38.a4 Rxg5 39.a5 h4 40.Rb6 Rxb6 41.axb6 Rg6  0-1

[Event "Skopje ol (Men) fin-B"]
[Site "Skopje"]
[Date "1972.??.??"]
[Round "10"]
[White "Robatsch, Karl"]
[Black "Pustina, Ylvi"]
[Result "1-0"]
[WhiteElo "2460"]
[BlackElo "2280"]

1.e4 c5 2.Nf3 e6 3.d4 cxd4 4.Nxd4 a6 5.Nc3 Qc7 6.Bd3 Nf6 7.f4 d6 8.Nf3 Nc6
9.O-O Be7 10.Qe1 O-O 11.Qg3 Nb4 12.Be3 Nxd3 13.cxd3 d5 14.e5 Ne8 15.Rfc1 Qd7
16.a4 g6 17.Qf2 Ng7 18.Bc5 Qe8 19.Bxe7 Qxe7 20.Ne2 Qd8 21.Qc5 Bd7 22.Qc7 Bc6
23.Qxd8 Rfxd8 24.Ned4 Bd7 25.Rc7 Rab8 26.b3 Ne8 27.Rc2 Rdc8 28.Rxc8 Rxc8
29.Kf2 Kf8 30.Ke3 Ke7 31.g4 Ng7 32.h3 h6 33.Kd2 Be8 34.Rf1 Bd7 35.Rh1 Rc7
36.Ne2 Rc8 37.Nfd4 h5 38.Nf3 Rh8 39.Rc1 hxg4 40.hxg4 Ne8 41.Ke3 Rh3 42.Kf2 Rh8
43.Ned4 Kd8 44.Kg2 Ke7 45.Kg3 Kd8 46.Ng5 Ke7 47.Ndf3 Bc6 48.Kf2 Rh6 49.Ke3 Rh8
50.Kd4 Nc7 51.Kc5 Na8 52.Kb4 Bd7 53.Ka3 Bc6 54.Kb2 Bd7 55.Ra1 Bc6 56.Kc3 Bd7
57.Kd2 Bc6 58.Ke3 Bd7 59.Rc1 Bc6 60.Kf2 Bd7 61.Kg3 Bc6 62.Nd4 Bd7 63.Ngf3 Rh6
64.Nh4 Rh8 65.Ng2 Kd8 66.Ne3 Nc7 67.Kg2 Rh4 68.Nf3 Rh8 69.Ng5 Be8 70.Nc2 Na8
71.Nd4 Nc7 72.Kg3 Rh6 73.b4 Rh8 74.Nb3 Kc8 75.Nd4 Kb8 76.Ra1 Rh6 77.Kg2 Rh8
78.Kg3 Rh6 79.Ndf3 Rh8 80.Nd4 Rh6 81.Rf1 Rh8 82.Rc1 Rh6 83.Re1 Rh8 84.Rb1 Ka7
85.Rc1 Kb8 86.Ra1 Rh6 87.Nc2 Rh8 88.Nd4 Rh6 89.Rc1 Rh8 90.a5 Rh6 91.Rf1 Rh8
92.f5 gxf5 93.gxf5 Rg8 94.Kf4 exf5 95.Rh1 Bd7 96.Rh6 Ka7 97.Rd6 Bc8 98.Nxf5 Ne6+
99.Nxe6 Bxe6 100.Nd4 Rg4+ 101.Ke3 Kb8 102.b5 axb5 103.Nxb5 Kc8 104.Rb6 Kd7
105.Rxb7+ Kc6 106.a6 Ra4 107.Nd4+ Kc5 108.Rb5+  1-0

[Event "Skopje ol (Men) fin-A"]
[Site "Skopje"]
[Date "1972.??.??"]
[Round "12"]
[White "Ghizdavu, Dumitru"]
[Black "Enklaar, Bertus F"]
[Result "1-0"]
[WhiteElo "2385"]
[BlackElo "2410"]

1.e4 c5 2.Nf3 e6 3.d4 cxd4 4.Nxd4 a6 5.Nc3 Qc7 6.Bd3 Nc6 7.Be3 Nf6 8.Nb3 b5
9.f4 d6 10.O-O Be7 11.Qf3 O-O 12.Rae1 Bb7 13.g4 Nb4 14.g5 Nd7 15.Qh5 Rfe8
16.Rf3 Nf8 17.Rh3 Bd8 18.Rf1 Nxd3 19.cxd3 b4 20.Nd1 g6 21.Qh4 e5 22.f5 gxf5
23.exf5 Qc6 24.Rg3 Rc8 25.Nf2 Bb6 26.Bxb6 Qxb6 27.f6  1-0

[Event "SWE-ch"]
[Site "?"]
[Date "1972.??.??"]
[Round "9"]
[White "Eslon, Jaan"]
[Black "Ornstein, Axel"]
[Result "0-1"]
[WhiteElo "2200"]
[BlackElo "2200"]

1.e4 c5 2.Nc3 e6 3.Nf3 a6 4.d4 cxd4 5.Nxd4 d6 6.Be3 Nf6 7.f4 b5 8.Qf3 Bb7
9.Bd3 Nbd7 10.a3 Rc8 11.O-O Be7 12.Rae1 Rxc3 13.bxc3 Qa8 14.Qh3 Bxe4 15.c4 bxc4
16.Bxc4 Nc5 17.Nb3 Bf5 18.Qf3 Nce4 19.h3 h5 20.Bd3 d5 21.Nd4 Bh7 22.Rb1 O-O
23.Kh2 h4 24.a4 Bg6 25.Bxe4 Nxe4 26.Rb2 Ba3 27.Rb3 Bc5 28.Rd1 Nd6 29.f5 Bxd4
30.fxg6 Be5+ 31.Kg1 fxg6 32.Qg4 Nf5 33.Bf2 Qc6 34.Qe2 Bc7 35.Rdb1 Qd6 36.Qg4 Qh2+
37.Kf1 Ng3+ 38.Ke1 Qxg2  0-1

[Event "JUG-ch"]
[Site "Umag"]
[Date "1972.??.??"]
[Round "10"]
[White "Komljenovic, Davor"]
[Black "Bukic, Enver"]
[Result "1-0"]
[WhiteElo "2200"]
[BlackElo "2455"]

1.e4 c5 2.Nf3 e6 3.d4 cxd4 4.Nxd4 a6 5.Nc3 Qc7 6.Be3 b5 7.Bd3 Bb7 8.f4 d6
9.O-O Nf6 10.Qf3 Nbd7 11.a3 Be7 12.Rae1 O-O 13.g4 Nc5 14.g5 Nfd7 15.Qh3 Nxd3
16.cxd3 Rfe8 17.f5 exf5 18.Nxf5 Ne5 19.d4 Nd3 20.Nxg7 Nxe1 21.Nxe8 Qc8 22.Qxc8 Rxc8
23.Nf6+ Bxf6 24.Rxf6 Nd3 25.Rxd6 Nxb2 26.Nd5 Bxd5 27.Rxd5 Rc3 28.Bf4 Nc4
29.Rc5 Rxa3 30.Kf2 Kg7 31.d5 Rd3 32.Rc6 a5 33.Rc5 a4 34.Rxb5 a3 35.Rb7 a2
36.Ra7 Ra3 37.Be5+ Kf8 38.Rxa3 Nxa3 39.Ke2 Nc2 40.Kd2 Na3 41.Bf6 Ke8 42.Kd3 Kd7
43.Bb2 Nb5 44.e5 Na7 45.h4 Nc8 46.h5 Ne7 47.Ke4 Ke8 48.d6 Nc6 49.Kf5 Nd8
50.Kf6 Kf8 51.d7 Nc6 52.g6 hxg6 53.hxg6 fxg6 54.e6  1-0

[Event "Hoogovens-B"]
[Site "Wijk aan Zee"]
[Date "1972.??.??"]
[Round "?"]
[White "Medina Garcia, Antonio Angel"]
[Black "Garcia Martinez, Silvino"]
[Result "1-0"]
[WhiteElo "2380"]
[BlackElo "2335"]

1.e4 c5 2.Nf3 e6 3.d4 cxd4 4.Nxd4 a6 5.Nc3 Qc7 6.g3 Nf6 7.Bg2 Be7 8.O-O O-O
9.f4 d6 10.g4 Nc6 11.Nb3 Re8 12.g5 Nd7 13.a4 b6 14.f5 Bf8 15.Kh1 Nde5 16.h4 Bb7
17.h5 Nb4 18.Nd4 exf5 19.Nxf5 Nc4 20.b3 Ne5 21.Bb2 Rac8 22.Qd2 d5 23.exd5 Rcd8
24.Rad1 Qb8 25.Qf2 Bc5 26.Qg3 Nd7 27.d6 Bxg2+ 28.Qxg2 Qa8 29.Ne7+ Kh8 30.Qxa8 Rxa8
31.Ne4 Bxd6 32.Nxd6 Rxe7 33.Nf5  1-0

[Event "Australia op"]
[Site "Australia"]
[Date "1973.??.??"]
[Round "8"]
[White "Prods, Arvids"]
[Black "Fuller, Maxwell L"]
[Result "1/2-1/2"]
[WhiteElo "2200"]
[BlackElo "2365"]

1.e4 c5 2.Nf3 e6 3.d4 cxd4 4.Nxd4 a6 5.Nc3 Qc7 6.Bd3 Nc6 7.Be3 Nf6 8.O-O b5
9.Nxc6 Qxc6 10.Re1 Bb7 11.Bg5 Be7 12.Qf3 h6 13.Bh4 O-O 14.Rad1 b4 15.Nd5 exd5
16.e5 g5 17.exf6 Qxf6 18.Qg4 Bc6 19.Bg3 Bc5 20.h4 Rfe8 21.Bf5 d6 22.Bf4 Rxe1+
23.Rxe1 Qd4 24.hxg5 Qxf2+ 25.Kh2 h5 26.Qg3 Qxg3+ 27.Kxg3 d4 28.Kh4 d3 29.Re7 dxc2
30.Bxc2 Re8 31.Rxe8+ Bxe8 32.Bd3 Bb5 33.Bxb5 axb5 34.Kxh5 Kg7 35.Kg4 Kg6
36.Kf3 Kf5 37.g4+ Ke6 38.Ke4 d5+ 39.Kd3 Kd7 40.Bd2 Kc6 41.Bf4 Kd7 42.Bd2 Ke6
43.Bf4 Bb6 44.Bd2 Bc5 45.Bf4 Ke7 46.Bd2 Kd7 47.Bf4 Ke6 48.Bd2 Ke5 49.Bc1 Bd4
50.Bd2 Bxb2 51.Bxb4 Kf4 52.Bd2+ Kxg4 53.Kc2 Be5 54.Kd3 Kf5 55.Be3 Bf4 56.Bf2 Bxg5
57.Kd4 Ke6 58.Kc5 Ke5 59.Kxb5 Ke4 60.a4 d4 61.a5 Be3 62.a6 d3 63.Bxe3 Kxe3
64.a7 d2 65.a8=Q d1=Q 66.Qe8+  1/2-1/2

[Event "EU-chT"]
[Site "Bath"]
[Date "1973.??.??"]
[Round "2"]
[White "Glauser, Hansruedi"]
[Black "Christoph, Manfred"]
[Result "0-1"]
[WhiteElo "2360"]
[BlackElo "2300"]

1.e4 c5 2.Nf3 e6 3.d4 cxd4 4.Nxd4 a6 5.Nc3 Qc7 6.g3 Nf6 7.Bg2 Nc6 8.O-O Be7
9.Re1 d6 10.Nxc6 bxc6 11.e5 dxe5 12.Rxe5 O-O 13.Bf4 Bd6 14.Rxe6 Bxf4 15.Rxc6 Qb8
16.gxf4 Bg4 17.Qc1 Re8 18.b3 Ra7 19.Rc4 Rae7 20.Qd2 Qb6 21.Rd4 h6 22.Rf1 Re6
23.Qd3 Bf5 24.Qd2 Bxc2 25.Na4 Qa7 26.Rd8 Rxd8 27.Qxd8+ Kh7 28.Qd2 Be4 29.Re1 Qe7
30.Re3 Bxg2 31.Kxg2 Ne4 32.Qd3 f5 33.Nc3 Rd6 34.Nxe4 Rxd3 35.Ng5+ hxg5 36.fxg5  0-1

[Event "Caracas"]
[Site "Caracas"]
[Date "1973.??.??"]
[Round "1"]
[White "Diaz, Salvador"]
[Black "Cuellar Gacharna, Miguel"]
[Result "0-1"]
[WhiteElo "2320"]
[BlackElo "2485"]

1.e4 e6 2.d4 c5 3.Nf3 cxd4 4.Nxd4 a6 5.Nc3 Qc7 6.g3 Nf6 7.Bg2 Be7 8.O-O O-O
9.Qe2 d6 10.Be3 Bd7 11.Rad1 Nc6 12.h3 Rac8 13.g4 h6 14.f4 Nh7 15.Nxc6 Bxc6
16.Bf2 b5 17.a3 Qb7 18.Bg3 a5 19.Rfe1 b4 20.axb4 axb4 21.Nb1 Rfd8 22.c4 Nf8
23.Nd2 Nd7 24.Nf3 Nc5 25.Nd4 Be8 26.Ra1 e5 27.Nf5 Bf6 28.Rad1 Qa6 29.fxe5 dxe5
30.Bf2 Ne6 31.Bf1 Kh7 32.Qe3 Qc6 33.Rd5 Nf4 34.Rc5 Qd7 35.Rxc8 Qxc8 36.Qb6 Nd3
37.Bxd3 Rxd3 38.Qxb4 Rxh3 39.Nd6 Qxg4+  0-1

[Event "FRG-ch International"]
[Site "Dortmund"]
[Date "1973.??.??"]
[Round "4"]
[White "Hecht, Hans Joachim"]
[Black "Popov, Luben"]
[Result "1-0"]
[WhiteElo "2485"]
[BlackElo "2450"]

1.e4 c5 2.Nf3 e6 3.Nc3 a6 4.d4 cxd4 5.Nxd4 b5 6.Bd3 Ne7 7.O-O Nec6 8.Nb3 d6
9.Be3 Nd7 10.f4 Be7 11.Qf3 Qc7 12.Rae1 O-O 13.Qg3 Kh8 14.a3 b4 15.axb4 Nxb4
16.Bd4 f6 17.f5 Ne5 18.Rf4 Nbxd3 19.cxd3 Rg8 20.Qh3 g5 21.Rf2 Rb8 22.Nc1 Rb4
23.N1e2 Qb7 24.fxe6 g4 25.Qe3 Bxe6 26.Nf4 g3 27.hxg3 Ng4 28.Qf3 Bf7 29.Nce2 Nxf2
30.Qxf2 Rxb2 31.Bxb2 Qxb2 32.Qa7 Re8 33.Qxa6 d5 34.exd5 Bc5+ 35.Kh2 Qe5 36.d4 Bxd4
37.Nxd4 Qxe1 38.Qxf6+ Kg8 39.Nf5  1-0

[Event "FRG-ch International"]
[Site "Dortmund"]
[Date "1973.??.??"]
[Round "6"]
[White "Keres, Paul"]
[Black "Popov, Luben"]
[Result "0-1"]
[WhiteElo "2600"]
[BlackElo "2450"]

1.e4 c5 2.Nf3 e6 3.Nc3 a6 4.d4 cxd4 5.Nxd4 Qc7 6.g3 Nf6 7.Bg2 d6 8.O-O Bd7
9.Re1 Be7 10.a4 Nc6 11.Nxc6 Bxc6 12.b3 O-O 13.Bb2 b6 14.Qd4 Rfd8 15.Rad1 Qb7
16.Rd2 b5 17.axb5 axb5 18.b4 Rac8 19.Ra1 Ra8 20.Rdd1 Ne8 21.Qe3 Bf6 22.h4 h6
23.Re1 Nc7 24.Rxa8 Nxa8 25.Nd1 Bxb2 26.Nxb2 Nb6 27.Ra1 d5 28.Qd4 e5 29.Qxe5 dxe4
30.Rd1 Re8 31.Qc5 Nd7 32.Qe3 Ne5 33.Rd6 Qa8 34.Qb6 Qa1+ 35.Nd1 e3 36.fxe3 Bxg2
37.Kxg2 Qa8+ 38.Kg1 Nc4  0-1

[Event "USA-ch"]
[Site "El Paso"]
[Date "1973.??.??"]
[Round "2"]
[White "Karklins, Andrew"]
[Black "Evans, Larry Melvyn"]
[Result "1-0"]
[WhiteElo "2200"]
[BlackElo "2535"]

1.e4 c5 2.Nf3 a6 3.Nc3 e6 4.d4 cxd4 5.Nxd4 b5 6.Bd3 Bb7 7.O-O Nc6 8.Nxc6 Bxc6
9.Qe2 d6 10.a4 b4 11.Nd5 a5 12.Bb5 Rc8 13.c3 bxc3 14.Ra3 Ne7 15.Rxc3 exd5
16.Rxc6 Nxc6 17.Bxc6+ Rxc6 18.exd5+ Be7 19.dxc6 O-O 20.Bd2 Bf6 21.Qb5 Qa8
22.Rc1 Rc8 23.Qb7 Bd4 24.Qxa8 Rxa8 25.c7 Rc8 26.Bxa5 Kf8 27.Rc4  1-0

[Event "USA-ch"]
[Site "El Paso"]
[Date "1973.??.??"]
[Round "4"]
[White "Gilden, Lawrence C"]
[Black "Evans, Larry Melvyn"]
[Result "0-1"]
[WhiteElo "2200"]
[BlackElo "2535"]

1.e4 c5 2.Nf3 e6 3.d4 cxd4 4.Nxd4 a6 5.Nc3 Qc7 6.g3 Nf6 7.Bg2 Be7 8.O-O O-O
9.Re1 d6 10.a4 Nc6 11.Nb3 b6 12.g4 Bb7 13.g5 Nd7 14.f4 Rfe8 15.Be3 Bf8 16.Bf2 Nb4
17.Qd2 Rac8 18.a5 bxa5 19.Nxa5 Ba8 20.Nb5 axb5 21.Qxb4 d5 22.Qxb5 Rb8 23.Qd3 Bb4
24.Nb3 Bxe1 25.Rxe1 dxe4 26.Bxe4 Bxe4 27.Qxe4 Rec8 28.Re2 Qc4 29.Qf3 Nf8
30.Bg3 Rb5 31.h4 Rd5 32.h5 Rcd8 33.Kf2 Rd1 34.h6 Ng6 35.hxg7 Ne7 36.Qe4 Qxe4
37.Rxe4 Nf5 38.Kg2 Rb1 39.Bf2 Rxb2 40.Rc4 Kxg7 41.Kf3 Kg6 42.Rc7 Ra8 43.Nc1 Rab8
44.Nd3 R2b7 45.Ne5+ Kg7 46.Rc4 h6 47.gxh6+ Kxh6 48.Rc6 Kg7 49.Nd3 Rd8 50.Rc4 Rdd7
51.Ra4 Rbc7 52.Ra2 Nd4+ 53.Bxd4+ Rxd4 54.Ke3 Rdc4 55.Ne1 Kf6 56.Rb2 Kf5 57.Rb5+ R4c5
58.Rb8 Rc3+ 59.Nd3 Rxc2 60.Rb5+ Kf6 61.Ne5 R2c3+ 62.Ke4 Ra3 63.Rb4 Rca7 64.Ng4+ Ke7
65.Ne3 R7a4 66.Rxa4 Rxa4+ 67.Kf3 Kd6 68.Nd1 Ra3+ 69.Ke4 f5+  0-1

[Event "USA-ch"]
[Site "El Paso"]
[Date "1973.??.??"]
[Round "11"]
[White "Karklins, Andrew"]
[Black "Byrne, Donald"]
[Result "1-0"]
[WhiteElo "2200"]
[BlackElo "2475"]

1.e4 c5 2.Nf3 a6 3.Nc3 e6 4.d4 cxd4 5.Nxd4 Qc7 6.Bd3 Nf6 7.O-O Bc5 8.Nb3 Ba7
9.Bg5 d6 10.Bxf6 gxf6 11.Qf3 Nd7 12.Rad1 h5 13.Be2 Ke7 14.Nd4 Qc5 15.Kh1 Ne5
16.Qh3 Bd7 17.f4 Nc6 18.Nb3 Qb6 19.Qh4 Bb8 20.f5 Rf8 21.fxe6 fxe6 22.Rxf6 Rxf6
23.Rf1 Kd8 24.Qxf6+ Kc7 25.Bc4 Nd8 26.e5 Ba7 27.exd6+ Kc8 28.Ne4 Qe3 29.Bd3 b5
30.Qc3+ Bc6 31.Na5 Bd4 32.Qe1 Qxe1 33.Rxe1 Bxb2 34.Nxc6 Nxc6 35.Nc5 e5 36.Be4  1-0

[Event "NLD-ch"]
[Site "Leeuwarden"]
[Date "1973.??.??"]
[Round "2"]
[White "Scholl, Eduard C"]
[Black "Van der Weide, Piet"]
[Result "1/2-1/2"]
[WhiteElo "2400"]
[BlackElo "2290"]

1.e4 c5 2.Nf3 e6 3.Nc3 a6 4.d4 cxd4 5.Nxd4 d6 6.Bd3 Nf6 7.O-O Nbd7 8.Kh1 b5
9.Qe2 Bb7 10.Bd2 Be7 11.a4 bxa4 12.Nxa4 O-O 13.Nb3 Qc7 14.Na5 Bc8 15.f4 e5
16.f5 d5 17.exd5 e4 18.Bxe4 Bd6 19.Bf3 Qxc2 20.Qd1 Qxf5 21.Nc4 Be5 22.Bb4 Re8
23.Bd6 Qf4 24.Nxe5 Nxe5 25.Nb6 Ra7 26.Qc1 Qxc1 27.Raxc1 Bf5 28.Bxe5 Rxe5
29.d6 h6 30.Rfd1 Rb5 31.Nc8 Bxc8 32.Rxc8+ Kh7 33.h3 a5 34.Bc6 Rc5 35.Bb7 Rb5
36.Bc6 Rc5 37.Bb7 Rb5 38.Bc6  1/2-1/2

[Event "CSR-ch"]
[Site "Luhacovice"]
[Date "1973.??.??"]
[Round "1"]
[White "Estevez, Guillermo"]
[Black "Banas, Jan"]
[Result "1/2-1/2"]
[WhiteElo "2395"]
[BlackElo "2365"]

1.e4 c5 2.Nf3 e6 3.Nc3 a6 4.d4 cxd4 5.Nxd4 Qc7 6.Be2 Nc6 7.Be3 Nf6 8.O-O Be7
9.f4 d6 10.Bf3 Bd7 11.a4 Na5 12.Kh1 O-O 13.g4 h6 14.Rg1 Nc4 15.Bc1 Ne8 16.Qd3 Rc8
17.Nde2 Na5 18.b3 Nc6 19.Bb2 Nb4 20.Qd2 b5 21.axb5 axb5 22.Nd4 Qb6 23.Rg2  1/2-1/2

[Event "Sao Paulo+"]
[Site "Sao Paulo"]
[Date "1973.??.??"]
[Round "4"]
[White "Biyiasas, Peter"]
[Black "Camara, Helder"]
[Result "1-0"]
[WhiteElo "2420"]
[BlackElo "2375"]

1.e4 c5 2.Nf3 e6 3.d4 cxd4 4.Nxd4 a6 5.Nc3 Qc7 6.g3 Nf6 7.Bg2 Nc6 8.O-O Be7
9.Re1 d6 10.Nxc6 bxc6 11.e5 dxe5 12.Rxe5 O-O 13.Bf4 Qb7 14.b3 Rd8 15.Qf3 Nd5
16.Rd1 Qb4 17.Na4 Bb7 18.Bd2 Qa3 19.Ba5 Rd7 20.c4 Nf6 21.Rxd7 Nxd7 22.Re2 Nc5
23.Nxc5 Bxc5 24.Qc3 Bf8 25.Rd2 Qe7 26.Rd3 c5 27.Qd2 Bxg2 28.Kxg2 Qb7+ 29.f3 Qc6
30.Rd7 Rc8 31.Qd3 h6 32.Ra7 Bd6 33.Qe4 Qxe4 34.fxe4 Rc6 35.Rb7 Be5 36.Rb6 Rd6
37.Kf3 Kf8 38.Rb8+ Ke7 39.Rc8 Rd3+ 40.Ke2 Rd4 41.Rxc5 Rxe4+ 42.Kf3 f5 43.Rc6 g5
44.Bd2 Bd4 45.h3 g4+ 46.hxg4 Rxg4 47.Rc7+ Ke8 48.Rh7 Be5 49.Bf4 Bf6 50.Rxh6 Kf7
51.Bd6 Rd4 52.c5 e5 53.Ke2 a5 54.Rh1 a4 55.Rc1 axb3 56.axb3 Bg5 57.Rc2 Bd8
58.Rd2 Re4+ 59.Kf3 Rb4 60.Bxe5 Rxb3+ 61.Kf4 Be7 62.Bd6 Bxd6+ 63.Rxd6 Rc3
64.c6 Ke7 65.Rh6 Kd8 66.Re6 Kc7 67.Re3 Rc5 68.Re5 Rc3 69.Rxf5 Kxc6 70.Re5 Kd6
71.Re8 Kd7 72.Re4 Rc8 73.g4 Rf8+ 74.Kg5 Kd6 75.Kh6 Rh8+ 76.Kg7 Rh4 77.Kf6 Kd7
78.Kf5 Kd6 79.Re1  1-0

[Event "Stary Smokovec"]
[Site "Stary Smokovec"]
[Date "1973.??.??"]
[Round "2"]
[White "Plachetka, Jan"]
[Black "Adamski, Jan"]
[Result "1/2-1/2"]
[WhiteElo "2445"]
[BlackElo "2410"]

1.e4 c5 2.Nf3 e6 3.d4 cxd4 4.Nxd4 a6 5.Nc3 d6 6.g3 Nf6 7.Bg2 Bd7 8.O-O Nc6
9.Nce2 Rc8 10.a4 Be7 11.b3 e5 12.Nxc6 Bxc6 13.Qd3 d5 14.exd5 Bxd5 15.Bxd5 Qxd5
16.Qxd5 Nxd5 17.c4 Nb4 18.Rd1 Bc5 19.Bb2 f6 20.Kg2 Ke7 21.f4 Nc2 22.fxe5 fxe5
23.Bxe5 Nxa1 24.Rxa1 Rhe8 25.Nf4 Kf7 26.Bc3 Re3 27.Nd5 Rd3 28.Rf1+ Kg8 29.Rf5 Bf8
30.a5 Re8 31.Rf2 Rd8 32.Rc2 Bc5 33.Nf4 R3d6  1/2-1/2

[Event "Stary Smokovec"]
[Site "Stary Smokovec"]
[Date "1973.??.??"]
[Round "7"]
[White "Fichtl, Jiri"]
[Black "Banas, Jan"]
[Result "1-0"]
[WhiteElo "2375"]
[BlackElo "2360"]

1.e4 c5 2.Nf3 e6 3.Nc3 a6 4.d4 cxd4 5.Nxd4 Qc7 6.Be2 Nc6 7.f4 b5 8.Nxc6 Qxc6
9.Bf3 Bb7 10.e5 Qc7 11.O-O Nh6 12.Be3 Rc8 13.Ne4 Nf5 14.Bf2 h5 15.c3 Bc6
16.Qd3 Be7 17.Rfe1 g6 18.Rac1 Qb7 19.h3 h4 20.Kh2 O-O 21.Bg4 Rfd8 22.Bxf5 exf5
23.Nd6 Bxd6 24.exd6 Bxg2 25.Bxh4 Re8 26.Qg3 Be4 27.Bf6 Qd5 28.Rcd1 Qxa2 29.Rxe4  1-0

[Event "DEN-ch"]
[Site "Copenhagen"]
[Date "1974.??.??"]
[Round "4"]
[White "Poulsen, Allan"]
[Black "Hansen, Ja"]
[Result "0-1"]
[WhiteElo "2280"]
[BlackElo "2200"]

1.e4 c5 2.Nf3 e6 3.d4 cxd4 4.Nxd4 a6 5.Nc3 Qc7 6.Bd3 Nc6 7.Be3 Nf6 8.O-O Bd6
9.Kh1 Bf4 10.Bxf4 Qxf4 11.g3 Qc7 12.Be2 O-O 13.f4 d6 14.Bf3 Bd7 15.Nb3 b5
16.Qd2 Rfd8 17.Rad1 Ne8 18.a3 Rac8 19.Qf2 Na5 20.Nxa5 Qxa5 21.f5 Qc7 22.g4 Qc5
23.Qh4 a5 24.Bg2 b4 25.axb4 axb4 26.fxe6 fxe6 27.Ne2 Qe5 28.Nd4 h6 29.Nf3 Qxe4
30.Rde1 Qg6 31.g5 hxg5 32.Nxg5 Nf6 33.Rg1 Re8 34.Be4 Nxe4 35.Nxe4 Qf5 36.Qg3 Re7
37.h3 Bc6 38.Qe3 Bxe4+ 39.Qxe4 Qxe4+ 40.Rxe4 Rxc2 41.Rxb4 d5 42.Rb8+ Kf7
43.Rf1+ Kg6 44.Rb6 Re2 45.b4 Rd7 46.Rb8 d4 47.Rbf8 d3 48.Rg1+ Kh7 49.Rg4 g6
50.Rf1 d2 51.Rd1 Rd3  0-1

[Event "DEN-ch"]
[Site "Copenhagen"]
[Date "1974.??.??"]
[Round "6"]
[White "Christensen, Stefan"]
[Black "Hansen, Ja"]
[Result "1/2-1/2"]
[WhiteElo "2200"]
[BlackElo "2200"]

1.e4 c5 2.Nf3 e6 3.d4 cxd4 4.Nxd4 a6 5.Nc3 Qc7 6.Bd3 Nc6 7.Be3 Nf6 8.O-O Bd6
9.h3 b5 10.Nxc6 Qxc6 11.a3 Bb7 12.Qe2 Be5 13.Bd2 Bxc3 14.Bxc3 Nxe4 15.Bxg7 Rg8
16.f3 Qc5+ 17.Kh2 Qd6+ 18.Kg1 Qc5+ 19.Kh2 Qd6+ 20.Kg1 Ng3 21.Qe5 Qxe5 22.Bxe5 Nxf1
23.Kxf1 f5 24.a4 Ke7 25.axb5 axb5 26.Re1 Bc6 27.Bc3 Kf7 28.Kf2 h5 29.Bb4 Ra4
30.Bc5 Kf6 31.Bd6 Re8 32.b3 Ra2 33.g4 hxg4 34.hxg4 fxg4 35.fxg4 e5 36.Bf5 e4
37.Re2 Rc8 38.Ke3 Rh8 39.Kf4 Rh4 40.Bb4 d5 41.Bc3+  1/2-1/2

[Event "Nice olm fin-B"]
[Site "Nice"]
[Date "1974.??.??"]
[Round "5"]
[White "Silva, Fernando"]
[Black "Garcia Martinez, Silvino"]
[Result "1/2-1/2"]
[WhiteElo "2290"]
[BlackElo "2400"]

1.e4 c5 2.Nf3 e6 3.d4 cxd4 4.Nxd4 a6 5.Nc3 Qc7 6.g3 Bb4 7.Ne2 Nf6 8.Bg2 d6
9.O-O h6 10.a3 Bc5 11.h3 Nc6 12.Kh2 b5 13.f4 Bb7 14.Qd3 Rd8 15.Be3 Nd7 16.Nd4 Nde5
17.Nxe6 fxe6 18.fxe5 Nxe5 19.Qe2 Bxe3 20.Qxe3 Rf8 21.Ne2 Rxf1 22.Rxf1 Qxc2
23.Nd4 Qd3 24.Qxd3 Nxd3 25.Nxe6 Rd7 26.b4 Nb2 27.Rc1 Re7 28.Nf4 Kd7 29.e5 Bxg2
30.e6+ Kd8 31.Kxg2 g5 32.Nd5 Rxe6 33.Rc6 Nc4 34.Rxa6 Re2+ 35.Kf3 Re5 36.Ra8+ Kd7
37.Nf6+ Kc6 38.Ng4 Re6 39.a4 bxa4 40.Rxa4 Kb5 41.Ra8 Kxb4 42.Rh8  1/2-1/2

[Event "Nice olm prel"]
[Site "Nice"]
[Date "1974.??.??"]
[Round "5"]
[White "Penrose, Jonathan"]
[Black "Day, Lawrence A"]
[Result "1/2-1/2"]
[WhiteElo "2450"]
[BlackElo "2330"]

1.e4 c5 2.Nf3 e6 3.d4 cxd4 4.Nxd4 a6 5.Nc3 b5 6.Bd3 Bb7 7.O-O Ne7 8.Be3 Nbc6
9.Nb3 Ng6 10.f4 Nb4 11.Be2 Qc7 12.a3 Nc6 13.Bd3 Bd6 14.e5 Be7 15.Ne4 f5 16.exf6 gxf6
17.f5 exf5 18.Rxf5 O-O 19.Rh5 Rf7 20.a4 Nce5 21.axb5 axb5 22.Rxa8+ Bxa8 23.Nd4 b4
24.Nf5 Bf8 25.Rh3 Qc6 26.Rg3 b3 27.Nc3 Nxd3 28.cxd3 Qe6 29.Qh5 Bg7 30.h3 Qe8
31.Bd4 Qe6 32.Qg4 Kf8 33.Kh2 Kg8 34.Ne4 Bxe4 35.dxe4 d5 36.Nxg7 Qxg4 37.Rxg4 Kxg7
38.exd5 Rd7 39.Bc3 Rxd5 40.Rb4 Rd7 41.Rxb3 Re7 42.Rb6 Ne5 43.Kg3 Kg6 44.Rd6 Kf5
45.Kf2 h5 46.g3 Re8 47.Rd4 Ng6 48.Rd5+ Ne5 49.Rd4 Ng6 50.Rd2 Ne5 51.Kg2 Rb8
52.Rf2+ Kg6 53.b4 Nd7 54.Rb2 Nb6 55.Be1 Nc4 56.Rb3 Nd6 57.Rd3 Nb5 58.Bf2 Nc7
59.Be1 Rb5 60.Rc3 Rb7 61.Rc4 Nd5 62.Kf3 Kf5 63.Rh4 Ke6 64.Re4+ Kd6 65.Bd2 Ra7
66.Bf4+ Kd7 67.Rc4 f5 68.Ke2 Ra3 69.Kf2 Ra2+ 70.Ke1 Rb2 71.Bd2 Rb3 72.Kf2 Nf6  1/2-1/2

[Event "Nice olm prel"]
[Site "Nice"]
[Date "1974.??.??"]
[Round "7"]
[White "Tarazi, Andre"]
[Black "Gheorghiu, Florin"]
[Result "0-1"]
[WhiteElo "2200"]
[BlackElo "2540"]

1.e4 c5 2.Nf3 e6 3.d4 cxd4 4.Nxd4 a6 5.Nc3 Qc7 6.Bd3 Nf6 7.Be3 b5 8.a3 Bb7
9.O-O Nc6 10.Nxc6 Bxc6 11.Qe2 Be7 12.Rad1 O-O 13.f4 d6 14.h3 Rad8 15.Qf2 Qb7
16.Bb6 Rb8 17.Ba5 Nxe4 18.Nxe4 Bxe4 19.Bxe4 Qxe4 20.Rfe1 Qc6 21.Kh1 Bf6 22.c3 Rb7
23.Rd3 d5 24.h4 Qc4 25.Red1 Rc8 26.h5 Qe4 27.Re3 Qa4 28.Qe2 Qxa5 29.Rxe6 Qd8
30.Rxd5 Rd7 31.Qg4 Rxd5 32.Rxf6 Qxf6  0-1

[Event "Nice olm prel"]
[Site "Nice"]
[Date "1974.??.??"]
[Round "8"]
[White "Janetschek, Karl"]
[Black "Szmetan, Jorge"]
[Result "0-1"]
[WhiteElo "2335"]
[BlackElo "2405"]

1.e4 c5 2.Nf3 e6 3.d4 cxd4 4.Nxd4 a6 5.Nc3 Qc7 6.g3 Nf6 7.Bg2 Be7 8.Qe2 d6
9.Be3 Nc6 10.O-O O-O 11.Rad1 Bd7 12.g4 b5 13.g5 Ne8 14.a3 Nxd4 15.Rxd4 Rb8
16.f4 a5 17.f5 b4 18.fxe6 fxe6 19.Rxf8+ Bxf8 20.axb4 axb4 21.Nd1 g6 22.Rd2 Bg7
23.Bh3 Be5 24.Qf3 Ng7 25.Nf2 Rf8 26.Qd1 Bc6 27.Bg2 Bxb2 28.Rxd6 Be5 29.Bc5 Ra8
30.Ng4 Be8 31.Nxe5 Qxc5+ 32.Qd4 Qxc2 33.Ng4 Qc1+ 34.Qd1 Qxg5 35.e5 Rc8 36.Nf6+ Kh8
37.Nxe8 Nxe8 38.Rd2 b3  0-1